ბათუმის შოთა რუსთაველის სახელმწიფო უნივერსიტეტის ბიბლიოთეკა

Нотариат. Справочник / (ბიბ.ჩანაწერი № 35990)

000 -LEADER
fixed length control field 00762nam a2200217Ia 4500
001 - CONTROL NUMBER
control field 1889
003 - CONTROL NUMBER IDENTIFIER
control field GE_BSU
005 - DATE AND TIME OF LATEST TRANSACTION
control field 20221006144258.0
008 - FIXED-LENGTH DATA ELEMENTS--GENERAL INFORMATION
fixed length control field 181216s2007ru xx |||||||||||||| ||rus||
020 ## - INTERNATIONAL STANDARD BOOK NUMBER
International Standard Book Number 5911311739
040 ## - CATALOGING SOURCE
Transcribing agency GE_BSU
041 ## - LANGUAGE CODE
Language code of text/sound track or separate title rus
080 ## - UNIVERSAL DECIMAL CLASSIFICATION NUMBER
Universal Decimal Classification number 347.961(075.8)(035) Н-85
245 ## - TITLE STATEMENT
Title Нотариат. Справочник /
Statement of responsibility, etc. Авт-состав И.И. Москаленко.
264 ## - PRODUCTION, PUBLICATION, DISTRIBUTION, MANUFACTURE, AND COPYRIGHT NOTICE
Place of production, publication, distribution, manufacture Москва :
Name of producer, publisher, distributor, manufacturer Торговая Корпорауия ,,Дашков и "К,
Date of production, publication, distribution, manufacture, or copyright notice 2007.
300 ## - PHYSICAL DESCRIPTION
Extent 592 с. :
Other physical details 20 см.
653 ## - INDEX TERM--UNCONTROLLED
keyword Нотариат. Справочник
653 ## - INDEX TERM--UNCONTROLLED
keyword ნოტარიუსები ცნობარი
700 ## - ADDED ENTRY--PERSONAL NAME
Personal name Москаленко, И.И
Relator term შემდგენელი
9 (RLIN) 15100
942 ## - ADDED ENTRY ELEMENTS (KOHA)
Koha item type წიგნი
Source of classification or shelving scheme
ეგზემპლარები
Withdrawn status Lost status Source of classification or shelving scheme Damaged status Not for loan Permanent Location Current Location Shelving location Date acquired Cost, normal purchase price Full call number Barcode Date last seen Copy number Price effective from Koha item type Public note
          ბათუმის შოთა რუსთაველის სახელმწიფო უნივერსიტეტის მთავარი ბიბლიოთეკა ბათუმის შოთა რუსთაველის სახელმწიფო უნივერსიტეტის მთავარი ბიბლიოთეკა წიგნსაცავი 2018-12-17 25.00 347.961(075.8)(035) Н-85 3869 2018-12-17 3869 2018-12-17 წიგნი 25.00